Every ZAYN Song on the Billboard Hot 100 - Statistics

General Stats
  • This quiz has been taken 228 times
    175 since last reset
  • The average score is 4 of 8
Answer Stats
# Year Song % Correct
1 2016 Pillowtalk
98%
44 2017 Dusk Till Dawn ft. Sia
78%
2 2017 I Don't Wanna Live Forever (Taylor Swift)
78%
55 2016 Like I Would
46%
73 2018 Let Me
43%
89 2020 Better
41%
59 2016 It's You
35%
66 2017 Still Got Time ft. PARTYNEXTDOOR
24%
No matching quizzes found
Score Distribution
Percent of People with Each Score
Percentile by Number Answered
Your Score History
You have not taken this quiz since the last reset